000 00991nam0a22002651 4500
001 rc\604455
005 20250621181514.0
035 _a(NLR Aleph) 005848626
090 _a5754961
_c5754961
100 _a20031121d1986 |||y0rusy50 ca
101 0 _arus
102 _aRU
105 _aa |||||||||
200 1 _aДидактические материалы по алгебре для 7 класса
_eПособие для учителя
_fС.В. Кудрявцев, Ю.Н. Макарычев, Е.М. Сорокина
205 _a3-е изд., перераб.
210 _aМ.
_cПросвещение
_d1986
215 _a173, [2] с.
_cил.
_d22
700 1 _aКудрявцев
_bС.В.
_gСергей Викторович
701 1 _aМакарычев
_bЮ.Н.
_gЮрий Николаевич
701 1 _aСорокина
_bЕ.М.
_gЕлена Михайловна
801 0 _aRU
_bNLR
_gpsbo
801 1 _aRU
_bELAR
_2rusmarc
852 _aNLR
_j86-5/5164
942 _cBOOK
980 _aNB